LEADER 00831nam a2200217 i 4500 001 000000180402 003 CaOOAMICUS 005 20090904000000.0 008 090904s2003 it u000 u ita u 013 $a158047 040 $aSeMil$bita 240 12$aL'Évangile de Thomas.$0(OLS)http://semarc/title/259027 245 13$aIl Vangelo di Tommaso /$cTradotto e commentato da Jean-Yves Leloup. 260 $aRoma :$bAppunti di viaggio,$c2003. 300 $a261 p. ;$c19 cm. 500 $aContiene: Bibliografia. 700 1 $aLeloup, Jean-Yves.$0(OLS)http://semarc/name/49449 850 $aSeMil 852 $aSeMil$W1$xVenegono$y1$m870 2 *$j131150$B131150$CSeMilBibl$Z2$F143987 $81 996 $6245$aIl Vangelo di Tommaso$9(OLS)http://semarc/title/259026 996 $6260$aRoma :$bAppunti di viaggio$9(OLS)http://semarc/publisher/34296 LEADER 01007nam a2200253 i 4500 001 000000193430 003 CaOOAMICUS 005 20150209000000.0 008 150209s1937 it u000 u ita u 013 $a172071 040 $aSeMil$bita 100 1 $aBerdjaev, Nikolaj Aleksandrovic,$d<1874-1948>.$0(OLS)http://semarc/name/21183 245 13$aIl problema del comunismo /$cNicolas Berdiaeff ; versione dal francese di Pietro Cenini. 260 $aBrescia :$bVittorio Gatti,$c1937. 300 $a183 p. ;$c20 cm. 500 $aFondo card. Giovanni Colombo. 650 4$aComunismo.$0(OLS)http://semarc/subject/9741 700 1 $aCenini, Pietro.$0(OLS)http://semarc/name/33839 850 $aSeMil 852 $aSeMil$W1$xVenegono$y1$m3GC II 228$j144004$B144004$CSeMilBibl$Z2$F155447 $8B 941 1 $a3 961 $aLascito: Colombo Card. Giovanni 996 $6245$aIl problema del comunismo$9(OLS)http://semarc/title/278842 996 $6260$aBrescia :$bVittorio Gatti$9(OLS)http://semarc/publisher/35317